Geobotany and biogeochemistry in mineral exploration /

Bibliographic Details
Main Author: Brooks, R. R.
Format: Book
Language:English
Published: New York : Harper & Row, [1972]
Series:Harper's geoscience series.
Subjects:

MARC

Tag First Indicator Second Indicator Subfields
LEADER 00000cam a2200000 4500
001 in00000096799
005 20150925090414.0
008 720811s1972 nyua b 00110 eng
010 |a  72181541  
020 |a 006040969X 
035 |a (OCoLC)00402633 
035 |9 AAL2512AM 
040 |a DLC  |c DLC  |d TXA  |d UtOrBLW 
049 |a TXAM  |c [1149864] 
050 0 0 |a TN270  |b .B83 
082 0 |a 622/.12 
100 1 |a Brooks, R. R. 
245 1 0 |a Geobotany and biogeochemistry in mineral exploration /  |c [by] R. R. Brooks. 
264 1 |a New York :  |b Harper & Row,  |c [1972] 
300 |a xii, 290 pages :  |b illustrations ;  |c 23 cm. 
336 |a text  |b txt  |2 rdacontent 
337 |a unmediated  |b n  |2 rdamedia 
338 |a volume  |b nc  |2 rdacarrier 
490 1 |a Harper's geoscience series 
504 |a Bibliography: pages 239-271. 
650 0 |a Biogeochemical prospecting. 
830 0 |a Harper's geoscience series. 
999 |a MARS 
999 f f |s 98851cf1-ee31-3ecc-8227-1d8e197f5974  |i 858183f0-3dc5-317b-b4df-1812d31e054f  |t 0 
952 f f |p ric  |a Texas A&M University  |b Rellis Campus  |c Joint Library Facility  |d Remote Storage  |t 0  |e TN270 .B83  |h Library of Congress classification  |i unmediated -- volume  |m A14805574629 
998 f f |a TN270 .B83  |t 0  |l Remote Storage